000 00692nam a2200229 a 4500
001 43238
003 BD-RjUL
005 20211209053652.0
008 740726s1949 nyu 001 0 eng
035 _a(BD-RjUL)43356
040 _aDLC
_cTxDW
_dOCoLC
_dBD-RjUL
_beng
041 _aeng
082 _a421.5
_223
_bNEM 1952
100 1 _aNeedleman, Morriss H.
_9132815
245 0 2 _aA manual of pronunciation /
_cMorriss H. Needleman
260 _aNew York :
_bBarnes & Noble,
_cc1949 [ Reprinted 1952 ]
300 _acxxiii, 323 p. :
_bill. ;
_c24 cm.
490 _aCollege outline series
500 _aIncludes index.
650 0 _aEnglish language
_xPronunciation.
_9117012
942 _2ddc
_cBK
999 _c43238
_d43238